| 000 | 00889nam a2200217Ia 4500 | ||
|---|---|---|---|
| 999 |
_c39706 _d39706 |
||
| 001 | 6309 | ||
| 003 | GE_BSU | ||
| 005 | 20190930114042.0 | ||
| 008 | 181216s1991||||ge |||||||||||||| ||geo|| | ||
| 040 | _cGE_BSU | ||
| 041 | _ageo | ||
| 080 | _a82-93:821.353.1-1 ბ-26 | ||
| 100 |
_aბართაია, ნომადი _92416 |
||
| 245 |
_aმეც გამიშვით სკოლაში : _bლექსები / _cნომადი ბართაია ; რედ. ვახტანგ ხარჩილავა. |
||
| 264 |
_aთბილისი : _bმერანი ; _c1991. |
||
| 300 |
_a31 გვ. : _bილ. ; _c20 სმ. |
||
| 653 | _aმეც გამიშვით სკოლაში | ||
| 653 | _aლექსები | ||
| 700 |
_aხარჩილავა, ვახტანგ _eრედაქტორი _94383 |
||
| 942 |
_cBK _2udc |
||